000 01006nam a22003137a 4500
001 BR8005192
003 BR-BrBNA
005 20230928090710.0
007 ta
008 230509b bl.||||| |||| 00| 0 por d
040 _aBR-BrBNA
_bpor
_cBiblioteca Nacional de Agricultura
041 _a(Por)
072 _aQ10; E10
_b0336
_b0332
_b0430
_b9530
_b/G514
090 _ 0336 BR8005192
110 1 _aBanco Regional de Desenvolvimento do Extremo Sul, Curitiba, PR (Brasil). Gerencia de Planejamento
_91225
245 1 _aA industria de oleos vegetais no Parana [Brasil]
_bRelatorio 17/80
260 3 _aCuritiba, PR (Brasil):
_c1980.
300 _a60 p.
500 _a(*) Documento disponível no(a) Banco Regional de Desenvolvimento do Extremo Sul, Curitiba, PR (Brazil)
650 _aINDUSTRIA ALIMENTICIA
650 _aOLEO VEGETAL
650 _aSOJA
650 _aAMENDOIM
650 _aALGODAO
650 _aMERCADO
650 _aPARANA
909 _a202309
_bLucia
_c55
_dLucia Elande
942 _cBK
999 _c30084
_d30084